Est-ce sur Minecraft ? - Statistiques

Statistiques générales
  • Ce quiz a été pris 1 568 fois
  • Le résultat moyen est 11 sur 20
Answers on the Grid
Answers color-coded by a green-red scale on the quiz's grid according to % correct below.
Zombie
Village
Papier
Livre
Cloche
Têtard
Eau
Œuf de Chat
Feux d'Artifice
Éclipse
Mycélium
Allium
Corne de Chèvre
Épave
Muguet
Baie Sauvage
Igloo
Hautes Herbes
Betterave
Balise
Trompette
Chardon
Crocodile
Caca
Serpent
Fusil d'Assaut
Bouée de Sauvetage
Dent de Requin
Francis Cabrel
Fortnite
Ordinateur
Micocoulier
Pull-Over
Jambon-Beurre
Noix de Coco
Chou
Chaise
Moulin
Aluminium
Flèche à Deux Pointes
 
Statistiques - réponses
Réponse % Correct
Eau
79%
Village
78%
Zombie
77%
Livre
73%
Feux d'Artifice
72%
Papier
72%
Cloche
70%
Hautes Herbes
67%
Betterave
66%
Épave
65%
Igloo
62%
Balise
61%
Baie Sauvage
59%
Corne de Chèvre
51%
Mycélium
43%
Têtard
42%
Œuf de Chat
38%
Muguet
33%
Éclipse
10%
Allium
9%
Aucun quiz correspondant
Distribution des résultats
% des personnes avec chaque résultat
Percentile par nombre de réponses
Votre historique - résultats
Vous n’avez pas pris ce quiz